Online
Catalog

La isla del tesoro / (Record no. 56976)

MARC details
000 -CABECERA
campo de control de longitud fija 01537cam a2200349 i 4500
003 - IDENTIFICADOR DEL NÚMERO DE CONTROL
campo de control DO-SdBNP
005 - FECHA Y HORA DE LA ÚLTIMA TRANSACCIÓN
campo de control 20240625114404.0
007 - CAMPO FIJO DE DESCRIPCIÓN FÍSICA--INFORMACIÓN GENERAL
campo de control de longitud fija ta
008 - DATOS DE LONGITUD FIJA--INFORMACIÓN GENERAL
campo de control de longitud fija 240625s1980 sp 000 0 spa d
020 ## - NÚMERO INTERNACIONAL ESTÁNDAR DEL LIBRO
Número Internacional Estándar del Libro 8420617806
040 ## - FUENTE DE LA CATALOGACIÓN
Centro catalogador/agencia de origen DO-SdBNP
Lengua de catalogación spa
Centro/agencia transcriptor BNPHU
Normas de descripción rda
082 ## - NÚMERO DE LA CLASIFICACIÓN DECIMAL DEWEY
Número de clasificación 823.8
Número de documento/Ítem S847is
Número de edición 22
100 1# - ENTRADA PRINCIPAL--NOMBRE DE PERSONA
Nombre de persona Stevenson, Robert Louis,
Numeración 1850-1894
9 (RLIN) 1070
Término indicativo de función/relación autor
240 1# - TÍTULO UNIFORME
Título uniforme Treasure island /
245 13 - MENCIÓN DE TÍTULO
Título La isla del tesoro /
Mención de responsabilidad, etc. Robert Louis Stevenson ; traducción Fernando Santos Fontenla
264 #1 - PRODUCCIÓN, PUBLICACIÓN, DISTRIBUCIÓN, FABRICACIÓN Y COPYRIGHT
Producción, publicación, distribución, fabricación y copyright Madrid, España :
Nombre del de productor, editor, distribuidor, fabricante Alianza editorial,
Fecha de producción, publicación, distribución, fabricación o copyright 1980.
264 #3 - PRODUCCIÓN, PUBLICACIÓN, DISTRIBUCIÓN, FABRICACIÓN Y COPYRIGHT
Fecha de producción, publicación, distribución, fabricación o copyright 1995
300 ## - DESCRIPCIÓN FÍSICA
Extensión 215 páginas
Dimensiones 18 cm.
336 ## - TIPO DE CONTENIDO
Fuente rdacontent
Término de tipo de contenido texto
Código de tipo de contenido txt
337 ## - TIPO DE MEDIO
Fuente rdamedia
Nombre/término del tipo de medio sin mediación
Código del tipo de medio n
338 ## - TIPO DE SOPORTE
Fuente rdacarrier
Nombre/término del tipo de soporte volumen
Código del tipo de soporte nc
490 ## - MENCIÓN DE SERIE
Mención de serie Clásicos
Designación de volumen o secuencia 780
490 ## - MENCIÓN DE SERIE
Mención de serie El libro de bolsillo
500 ## - NOTA GENERAL
Nota general La biblioteca posee la décima reimpresión de 1995.
520 ## - SUMARIO, ETC.
Sumario, etc. Cuando el joven Jim Hawkins encuentra el mapa de una isla desierta en la que se ha escondido un tesoro, recurre a influyentes amigos para fletar la Hispaniola y emprender el viaje. Cuenta con su audacia, la experiencia del capitán Smollet y la inteligencia del doctor Livesey. Pero la tripulación está formada por una banda de filibusteros a las órdenes de John Silver, un verdadero pirata sanguinario que codicia el mismo tesoro.
590 ## - NOTA LOCAL (RLIN)
Nota local Inventariado, 2024/ YL
650 #4 - PUNTO DE ACCESO ADICIONAL DE MATERIA--TÉRMINO DE MATERIA
Término de materia o nombre geográfico como elemento de entrada Novela inglesa
9 (RLIN) 1071
650 #4 - PUNTO DE ACCESO ADICIONAL DE MATERIA--TÉRMINO DE MATERIA
Término de materia o nombre geográfico como elemento de entrada Literatura inglesa
9 (RLIN) 498
700 1# - PUNTO DE ACCESO ADICIONAL--NOMBRE DE PERSONA
Nombre de persona Santos Fontenla, Fernando
Término indicativo de función/relación traducción
9 (RLIN) 85777
910 ## - DATOS DE OPCIÓN DEL USUARIO (OCLC)
Datos de opción del usuario YLockward
942 ## - ELEMENTOS DE PUNTO DE ACCESO ADICIONAL (KOHA)
Fuente del sistema de clasificación o colocación Dewey Decimal Classification
Tipo de ítem Koha Libro
Holdings
Estado de retiro Estado de pérdida Fuente del sistema de clasificación o colocación Restricciones de uso No para préstamo Código de colección Localización permanente Ubicación/localización actual Ubicación en estantería Fecha de adquisición Fuente de adquisición Total de préstamos Signatura topográfica completa Código de barras Fecha visto por última vez Precio válido a partir de Tipo de ítem Koha
    Dewey Decimal Classification Préstamo en sala   General Biblioteca Nacional Pedro Henríquez Ureña Biblioteca Nacional Pedro Henríquez Ureña En catalogación 02.06.2014 Donación   823.8 S847is 2024-3718 25.06.2024 25.06.2024 Libro

Powered by Koha